| 000 | 00375nam a22001337a 4500 | ||
|---|---|---|---|
| 082 |
_a823 _bSTI/G |
||
| 100 | _aSTILTON,GERONIMO | ||
| 245 | _aMOUSEFORD ACADEMY :MOUSELETS IN DANGER | ||
| 246 |
_aMOUSEFORD ACADEMY :MOUSELETS IN DANGER _bMOUSEFORD ACADEMY :MOUSELETS IN DANGER |
||
| 260 |
_aLONDON _bSCHOLASTIC _c2023 |
||
| 300 | _a103 | ||
| 650 | _aENGLISH FICTION | ||
| 942 | _cBK | ||
| 999 |
_c9001 _d9001 |
||